Statistics for Best soccer players of the country A-D

Click here to take the quiz!

General Stats

  • This quiz has been taken 857 times
    (527 since last reset)
  • The average score is 11 of 20

Answer Stats

Country Answer % Correct
ArgentinaLionel Messi
96%
BrazilNeymar
94%
CroatiaLuka Modric
86%
ChileAlexis Sanchez / Arturo Vidal
86%
ColombiaJames Rodriguez
84%
AustriaDavid Alaba
71%
AlgeriaRyad Mahrez
70%
DenmarkChristian Eriksen
67%
Czech RepublicPetr Cech
66%
AustraliaMatthew Ryan
65%
BelgiumThibaut Courtois
62%
BosniaMiralem Pjanic
59%
ArmeniaHenrikh Mkhitaryan
55%
Costa RicaKeylor Navas
54%
CanadaAtiba Hutchinson
26%
AlbaniaElseid Hysaj
24%
CameroonJoel Matip
19%
D.R. CongoCedric Bakambu
16%
BulgariaIvelin Popov
12%
Cape VerdeZe Luis
7%

Score Distribution

Percentile by Number Answered

Percent of People with Each Score

Your Score History

You have not taken this quiz since the last reset